| 000 | 00445nam a2200181Ia 4500 | ||
|---|---|---|---|
| 008 | 230524s9999 xx 000 0 und d | ||
| 020 | _a9760143417309 | ||
| 082 | _bKAL | ||
| 100 |
_aA.P.J. Abdul Kalam _941796 |
||
| 245 | 0 | _aTarget 3 Billion | |
| 250 | _a1 | ||
| 260 |
_aNew Delhi _bPenguin _c2011 |
||
| 300 | _a300p; | ||
| 500 | _aQuantity Number: 1 | ||
| 650 |
_aMisalliance _941797 |
||
| 700 |
_aSrijan Pal Singh _941798 |
||
| 942 | _cBK | ||
| 999 |
_c56220 _d56220 |
||